000 00450nam a2200181Ia 4500
001 21085
005 20260306172853.0
008 260306t2010||||xx |||||||||||||| ||spa||
041 _aESP
082 _a344
_bP42 T. 3 2009
100 _aPeña Cabrera Freyre, Alonso Raúl
_eAUT
245 0 _aDerecho penal:
_bparte especial
260 _c2010
300 _a637 páginas :
_c24 cm.
650 _aGEN
654 _aCDE
942 _cLIB
_dJUS
_fJUS
_2ddc
_n
999 _c21085
_d21085